Babelfish Movies II Quiz Stats

 Plays Quiz Updated Oct 18, 2016

Also try: Babelfish Movies
Challenge
Share
Tweet
Embed
Score 0/18 Timer 06:00
0 Plays Today
Translation Movie % Correct
Virtuous, Villain and UglyThe Good, the Bad and the Ugly
94%
Raging TaurusRaging Bull
89.9%
All Front Causes Tranquil at the WestAll Quiet on the Western Front
78.9%
Individual of RainRain Man
74.8%
Faith Curer of ExorcismThe Exorcist
69.9%
Crime CitySin City
69.9%
With Being Beautiful, the BruteBeauty and the Beast
63%
SpiritGhost
52.9%
A Sight to a SlaughterA View to a Kill
40.2%
Translation Movie % Correct
Full of RocksRocky
25.1%
Mounts the Pulpous State Material NovelPulp Fiction
24%
Foreigner against CarnivoresAlien vs. Predator
23.6%
This is the Vertebra Puts on StabsThis Is Spinal Tap
20.9%
ChinJaws
15.5%
The Intruder of the Refuge Which is GoneRaiders of the Lost Ark
13.7%
PUREEMASH
11.2%
History of West CoastWest Side Story
9.7%
BeginningInception
6.1%

You're not logged in!

Compare scores with friends on all Sporcle quizzes.
Join for Free
OR
Log In

You Might Also Like...

Show Comments

Extras

Top Quizzes Today


Score Distribution

Your Account Isn't Verified!

In order to create a playlist on Sporcle, you need to verify the email address you used during registration. Go to your Sporcle Settings to finish the process.

Report this User

Report this user for behavior that violates our Community Guidelines.

Details: